"Et si... ?" Géographie - Statistiques

Statistiques générales
  • Ce quiz a été pris 185 fois
  • Le résultat moyen est 4 sur 15
Statistiques - réponses
Et si... Lieu % Correct
… je voulais visiter l’Equateur de fond en comble ? Impossible de rater ces îles et leurs iconiques tortues. Iles Galápagos
91%
… j’étais dans ce grand port ? Je verrais probablement des marins danser, chanter et même mourir. Amsterdam
62%
… je faisais le tour de l’ile ? Je traverserais 3 pays différents. Bornéo
45%
… je parlais la langue que vous devez trouver ? Vastauksen löytäminen ei voisi olla helpompaa. Finnois
36%
… je grimpais ces 6 962 mètres? Je surplomberais toute la cordillère des Andes. Aconcagua
30%
… j'allais voir le dernier grand tour de cyclisme de l’année ? Je pourrais peut-être distinguer le maillot rouge. Espagne
29%
… j’allais dans ce pays moyen oriental ? Je pourrais vérifier si c’est effectivement le pays le plus cool du monde. Yémen
28%
… je souhaitais observer un paradisier ? Il me suffirait de chercher un drapeau. Papouasie-Nouvelle-Guinée
20%
… je me baladais dans cette province canadienne ? Sao Paulo n’en rougirait pas. Ontario
17%
… je me trouvais dans cette capitale ? Je serais dans la seule au monde à ne pas être accessible par une route pour les habitants vivant dans la partie continentale du pays. Malabo
16%
… je vivais en 1926 ? Je serais au Nyassaland. Malawi
13%
… je descendais les flots depuis le lac Baïkal ? Je devrais voguer sur ses eaux froides. Ienisseï
12%
… je me retrouvais seul au beau milieu de ce désert rouge ? Apercevoir le bush serait une nouvelle plus réjouissante que pour un Républicain des années 1990. Outback
9%
… je voulais rallier Malmö depuis Copenhague ? Je passerais sur ce pont si je suis en voiture. Pont de l'Øresund
8%
… je me déplaçais de 30° vers l’Ouest ? Je serais au Nigéria. Djibouti
6%
Aucun quiz correspondant
Distribution des résultats
% des personnes avec chaque résultat
Percentile par nombre de réponses
Votre historique - résultats
Vous n’avez pas pris ce quiz